Adobe InDesign CS5 : oficiálny výukový kurz Adobe Creative Team

Guardado en:
Detalles Bibliográficos
Formato: Libro
Publicado: Brno : Computer Press, 2011
Materias:
Etiquetas: Agregar Etiqueta
Sin Etiquetas, Sea el primero en etiquetar este registro!

MARC

LEADER 00000nam a22000003a 4500
001 stu222802
005 20200826103240.2
008 110321s2011----------------------------d
020 |a 978-80-251-3226-5 
040 |a STU  |b slo 
245 |a Adobe InDesign CS5 :  |b oficiálny výukový kurz Adobe Creative Team 
260 |a Brno :  |b Computer Press,  |c 2011 
300 |a 424 s  |e + CD ROM 
650 7 |a software  |2 estusub 
650 7 |a grafické programy  |2 stusub 
650 7 |a výpočtová technika  |2 stusub 
996 |b 284AU04839  |c A*7410 U  |l AAKNAR  |s A  |a 24  |w stu222802_0001